MARC

LEADER 00000nam0a2200000 4500
001 74924
005 20231101212803.0
035 |a (RuTPU)RU\TPU\book\79901 
090 |a 74924 
100 |a 20050315d1985 k y0rusy50 ca 
101 0 |a rus 
102 |a RU 
105 |a a z 001zy 
200 1 |a Технология серной кислоты  |f Б. Т. Васильев, М. И. Отвагина 
210 |a Москва  |c Химия  |d 1985 
215 |a 385 с.  |c ил. 
320 |a Библиогр.: с. 370-377. 
320 |a Предметный указатель: с. 377-385. 
606 1 |a Серная кислота  |x Производство  |2 stltpush  |3 (RuTPU)RU\TPU\subj\32066  |9 54738 
610 1 |a химическая технология 
610 1 |a сернокислотное производство 
610 1 |a серосодержащее сырье 
610 1 |a обжиг 
610 1 |a сжигание 
610 1 |a производство 
610 1 |a контактный метод 
610 1 |a нитрозный метод 
610 1 |a конструкционные материалы 
610 1 |a оборудование 
610 1 |a покрытия 
610 1 |a техника безопасности 
675 |a 661.25  |v 3 
700 1 |a Васильев  |b Б. Т.  |g Борис Тихонович 
701 1 |a Отвагина  |b М. И.  |g Марианна Ивановна 
801 1 |a RU  |b 63413507  |c 20050315  |g PSBO 
801 2 |a RU  |b 63413507  |c 20170323  |g PSBO 
942 |c BK